| 000 | 01116cab a22002055a 4500 | ||
|---|---|---|---|
| 001 | L143282 | ||
| 008 | 080423s2008 xxk f 000 0 eng d | ||
| 035 | _a(Sirsi) u143282 | ||
| 041 | 0 | _aeng | |
| 100 | 1 | _aIves, Paul | |
| 245 | 0 | 0 |
_aProperty hazards _band the landlord's duty of care |
| 260 | _c2008 | ||
| 490 |
_aLetting Update Journal _v16(1) April 2008, 18-21(4) |
||
| 520 | _aConsiders the issue of landlord negligence and the duty of care towards tenants. Describes the rule of caveat emptor which states that the consumer of products should be first expected to anticipate the causes of their actions. Reviews major landmark cases which have eroded this virtual immunity of landlords and vendors. Examines the rule of foreseeability and the reasonable man test. Discusses issues and cases related to design and construction, common parts of properties, disrepair, knowledge and contributory negligence, damages and nuisance claims. | ||
| 590 | _aKA | ||
| 651 | 4 |
_aUnited Kingdom _y |
|
| 690 | _aPROPERTY-RESIDENTIAL PROPERTY-RESIDENTIAL PROPERTY MANAGEMENT | ||
| 700 | 1 | _aHopkins, Phillip | |
| 942 | _n0 | ||
| 999 |
_c80131 _d80131 |
||